| 000 | 00706cab a2200229 4500 | ||
|---|---|---|---|
| 001 | WB3315-16 | ||
| 008 | 090401t1997 xxu||||| |||| 00| 0 eng d | ||
| 035 | _a(Sirsi) u77766 | ||
| 041 | _aeng | ||
| 245 | _aWhy the terrace is best | ||
| 260 | _c1997 | ||
| 350 | _a0 | ||
| 490 |
_aTimes _v16 April 1997,47 |
||
| 490 |
_aRICS Press Release _v(pr40.res)17 April 1997,(4) |
||
| 520 | _aThe DoE favours terraced houses as a way of providing high-density housing for the future. Government Green Paper "Household Growth: Where Shall We Live?" | ||
| 650 | _aDOE | ||
| 650 | _aHOUSEHOLD PROJECTIONS | ||
| 650 | _aTERRACED HOUSES | ||
| 690 | _aHOUSING-DEVELOPMENT | ||
| 942 | _n0 | ||
| 948 | _c17/04/1997 | ||
| 999 |
_c48885 _d48885 |
||